Test na rozpoznawanie zwierząt - Statystyki

Ogólne statystyki
  • Ten quiz został rozwiązany 488 razy
    462 od ostatniego zresetowania
  • Średni wynik to 13 z 15
Statystyki odpowiedzi
Obrazkowy Odpowiedź % Poprawnych
Lew
100%
Papuga
99%
Ślimak
99%
Koń
97%
Słoń
97%
Kot
96%
Żyrafa
96%
Mrówka
93%
Orka
93%
Mamut
92%
Łabędź
90%
Mysz
87%
Pelikan
77%
Płetwal Błękitny
42%
Kolczatka
31%
Nie znaleziono quizów pasujących do podanych kryteriów
Rozkład punktacji
Procent ludzi z każdym wynikiem
Percentyl według liczby udzielonych odpowiedzi
Twoja historia wyników
Nie rozwiązałeś tego quizu od ostatniego zresetowania